Audiology official organ of the International Society of Audiology.

"Journal of auditory communication."

Detalles Bibliográficos
Nuevo Título:British journal of audiology
Scandinavian audiology
International journal of audiology
Título anterior:International audiology
Autor Corporativo: International Society of Audiology
Formato: Electrónico Revista
Lenguaje:inglés
francés
alemán
Publicado: Basel ; New York : S. Karger, ©1971-©2001.
Materias:
Acceso en línea:Full text available from Research Library: 01/01/1994 to 11/30/2001

MARC

LEADER 00000nas a2200000 a 4500
001 ssj0006530
003 WaSeSS
005 20200512172242.0
006 m d
007 cr n
008 760620d19712001sz br p s 0 a0eng
010 |a  72624506   |z sn 79004504  
016 7 |a 1273752  |2 DNLM 
016 7 |a A74565000  |2 DNLM 
016 |a (AMICUS)000002278662 
022 |l 0020-6091  |y 0020-6091 
030 |a AUDLAK 
035 |a (WaSeSS)ssj0006530 
040 |a DLC  |b eng  |c PIT  |d NSD  |d IUL  |d HUL  |d RCS  |d AIP  |d OCL  |d AIP  |d NST  |d AIP  |d DLC  |d NST  |d EBZ  |d IUL  |d OCL  |d DLC  |d IUL  |d SYS  |d ORU  |d MUQ  |d GUA  |d NLM  |d IUL  |d OCLCQ  |d NLGGC  |d OCLCQ  |d MOF  |d OCLCF  |d OCLCO  |d OCLCQ  |d OCLCO  |d NLC  |d L2U  |d WaSeSS 
041 0 |a eng  |a fre  |a ger 
042 |a nsdp  |a pcc 
050 0 0 |a RF290  |b .A9 
060 0 0 |a W1  |b AU201H 
082 0 4 |a 617.8/005 
210 0 |a Audiology 
222 0 |a Audiology 
245 0 0 |a Audiology  |h [electronic resource] :  |b official organ of the International Society of Audiology. 
246 1 5 |a Audiologie 
260 |a Basel ;  |a New York :  |b S. Karger,  |c ©1971-©2001. 
310 |a Bimonthly 
362 0 |a Vol. 10, no. 1 (Jan./Feb. 1971)-v. 40, no. 6 (Nov.-Dec. 2001). 
506 |a License restrictions may limit access. 
520 |a "Journal of auditory communication." 
546 |a English, French, and German. 
580 |a Merged with: British journal of audiology, and: Scandinavian audiology, to form: International journal of audiology. 
650 0 |a Audiology  |v Periodicals. 
650 1 2 |a Hearing. 
650 6 |a Audiologie  |v Périodiques. 
650 7 |a 05.12 communication processes.  |0 (NL-LeOCL)077592611  |2 bcl 
650 7 |a 44.94 otorhinolaryngology.  |0 (NL-LeOCL)077596846  |2 bcl 
650 7 |a Audiology.  |2 fast  |0 (OCoLC)fst00821108 
650 1 7 |a Keel- neus- en oorheelkunde.  |2 gtt 
650 1 7 |a Spraakstoornissen.  |2 gtt 
650 1 7 |a Spraak.  |2 gtt 
655 0 |a Electronic journals. 
710 2 |a International Society of Audiology. 
780 0 0 |t International audiology  |w (DLC) 2002260067  |w (OCoLC)1607490 
785 1 7 |t British journal of audiology  |x 0300-5364  |w (DLC) 73642585  |w (OCoLC)1786029 
785 1 7 |t Scandinavian audiology  |x 0105-0397  |w (DLC) 75640778  |w (OCoLC)1798471 
785 1 7 |t International journal of audiology  |w (DLC) 2002260061  |w (OCoLC)48909035 
850 |a ArU-M  |a CSt-L  |a CaMWM  |a DLC  |a DeU  |a InU  |a NBuC  |a NdU  |a NjR  |a OrU-M  |a PPC  |a ViU 
853 2 0 |8 1  |a v.  |b no.  |u 6  |v r  |i (year)  |j (month/month)  |w b 
856 4 0 |z Full text available from Research Library: 01/01/1994 to 11/30/2001  |u https://search.proquest.com/publication/34796 
863 4 1 |8 1.1  |a 10  |b 1  |i 1971